000 00910nam a2200241 a 4500
001 000041083
005 20201002034614.0
008 130917s1994 sp d 000 0 spa d
020 _a8400073916
040 _aDO-SdBNP
_bspa
_cBNPHU
082 _axxxx
_bxxxx
100 1 _aMendoza Berjano, Ramón
_967593
245 1 0 _aConductas de los escolares españoles relacionadas con la salud (1986-1990) /
_cRamón Mendoza Berjano, María Reyes Sagrera Pérez, Joan Manuel Batista Foguet.
260 _aMadrid, :
_bCSIC,
_c1994.
300 _a494 p. :
_bdiagr. ;
_c24 cm.
490 1 _aPoliteya
490 1 _aEstudios de economía y sociedad
_v5
504 _aIncluye referencias bibliográficas y notas al pie de la páginas
700 1 _aSagrera Pérez, María Reyes
_967594
700 1 _aBaatista Foguet, Joan Manuel
_967595
830 0 _aPoliteya
_967596
830 0 _aEstudios de economía y sociedad
_n5
_967597
999 _c40573
_d40573